| 000 | 01285 a2200217 4500 | ||
|---|---|---|---|
| 001 | 12748 | ||
| 005 | 20260407155440.0 | ||
| 008 | 260407a2007 arg spa d | ||
| 003 | AR-UNSa-BCEJYS | ||
| 040 |
_aAR-UNSa-BCEJYS _bspa _cAR-UNSa-BCEJYS |
||
| 080 |
_a340.12 _xTendencias en la teoría del derecho. Escuelas, doctrinas jurídicas. Filosofía del derecho. Teorías sobre el Estado y el derecho |
||
| 245 | 1 | 0 | _aTeoría de la justicia y la metaética contemporánea |
| 020 | _a978-987-03-0983-3 | ||
| 264 | 1 |
_aBuenos Aires : _bUniversidad de Buenos Aires. Facultad de Derecho _c2007 |
|
| 300 |
_axii, 115 p. _c24 cm. |
||
| 505 | _a1. La tensión entre la metaética y la normativa - 2. El problema metaético en las teorías de la justicia - 3. El problema de la libertad y de la igualdad en las distintas concepciones de justicia - 4. La libertad positiva y la libertad negativa - 5. Justicia y derecho - 6. El Comunitarismo y el realismo moral metaético - 7. La metaética y su influencia en las teorías de la justicia. | ||
| 942 | _cBK | ||
| 590 | _aniveau_biblio:m niveau_hierar:0 | ||
| 100 | 1 | _aBarbarosch, Eduardo | |
| 856 | 4 | 1 |
_uhttps://biblioeco.unsa.edu.ar/pmb/images/libros/Teoria de la justicia y la metaetica contemporanea-l117343.jpg _yImagen de portada _qimage/jpeg |
| 999 |
_c504 _d504 |
||